000 00532 a2200169 4500
999 _c41363
_d41363
003 OSt
005 20211022104757.0
008 211022b ||||| |||| 00| 0 eng d
020 _a9788194163794
040 _coclc
082 _a954.0357
_bMAL/M
100 _98867
_aMalayamma, Moyin
_cDr.
245 _aMalabar Samaram Abubaker Musliyar /
_cDr. Moyin Malayamma.
260 _aMalappuram:
_bGrace Educational Association,
_c2020.
300 _a224 pages
942 _2ddc
_cBK
_h954.0357
_iMAL/M
_k954.0357
_mMAL/M